Implikácia - regionálne disparity vs. absorpčná schopnosť
Faktory ovplyvňujúce regionálne rozdiely resp. disparity. Problematika regionálnej disparity zahrnutá v Národnom strategickom referenčnom rámci SR. Kľúčové regionálne disparity. Hlavné faktory rozvoja regiónu. Regionálne rozdiely a podporná politika v kontexte teórií regionálneho rozvoja. Absorpčná...
Guardado en:
| Autor principal: | |
|---|---|
| Otros Autores: | |
| Formato: | Capítulo de libro |
| Lenguaje: | eslovaco |
| Materias: | |
| Etiquetas: |
Sin Etiquetas, Sea el primero en etiquetar este registro!
|
MARC
| LEADER | 00000naa$a2200000$$$4500 | ||
|---|---|---|---|
| 001 | 0053966 | ||
| 005 | 20240502071626.3 | ||
| 041 | 0 | |a slo | |
| 044 | |a SK | ||
| 245 | 1 | 0 | |a Implikácia - regionálne disparity vs. absorpčná schopnosť |c Jozef Tvrdoň, Zuzana Kmecová |
| 520 | |a Faktory ovplyvňujúce regionálne rozdiely resp. disparity. Problematika regionálnej disparity zahrnutá v Národnom strategickom referenčnom rámci SR. Kľúčové regionálne disparity. Hlavné faktory rozvoja regiónu. Regionálne rozdiely a podporná politika v kontexte teórií regionálneho rozvoja. Absorpčná schopnosť regiónov Slovenskej republiky. Faktory úspešnej absorpčnej schopnosti. Inovatívne stratégie regiónov ako faktor dosiahnutia zmiernenia regionálnych rozdielov. | ||
| 610 | 2 | 0 | |a regióny |
| 610 | 2 | 0 | |a rozvoj regionálny |
| 610 | 2 | 0 | |a pomoc hospodárska |
| 610 | 2 | 0 | |a pomoc štátna |
| 610 | 2 | 0 | |a geografia |
| 610 | 2 | 0 | |a lokalizácia |
| 610 | 2 | 0 | |a konkurencieschopnosť |
| 610 | 2 | 0 | |a Slovensko |
| 100 | 1 | |a Tvrdoň, Jozef | |
| 700 | 1 | |a Kmecová, Zuzana | |